000 00480nam a22001817a 4500
005 20250221104208.0
008 250221b |||||||| |||| 00| 0 eng d
020 _a9781265980573
040 _cPK-LaUMT
082 _a615.1
_bKAT-
245 _aKatzung's basic & clinical pharmacology /
_cedited by Todd W. Vanderah
250 _a16th ed.
260 _aNew York :
_bMcGraw-Hill,
_c2024
300 _a1347 p.
650 _aPharmacology
_93578
650 _aDrugs
942 _cBK
999 _c136959
_d136959